<?xml version="1.0" encoding="UTF-8"?>
<record
    xmlns:xsi="http://www.w3.org/2001/XMLSchema-instance"
    xsi:schemaLocation="http://www.loc.gov/MARC21/slim http://www.loc.gov/standards/marcxml/schema/MARC21slim.xsd"
    xmlns="http://www.loc.gov/MARC21/slim">

  <leader>01071nam2a2200217   4500</leader>
  <controlfield tag="001">rc\2935026</controlfield>
  <controlfield tag="005">20260315055426.0</controlfield>
  <datafield tag="035" ind1=" " ind2=" ">
    <subfield code="a">(NLR Aleph) 007084198</subfield>
  </datafield>
  <datafield tag="090" ind1=" " ind2=" ">
    <subfield code="a">13598342</subfield>
    <subfield code="c">13598342</subfield>
  </datafield>
  <datafield tag="100" ind1=" " ind2=" ">
    <subfield code="a">20110822d1941    u  y0rusy50      ca</subfield>
  </datafield>
  <datafield tag="101" ind1="0" ind2=" ">
    <subfield code="a">rus</subfield>
  </datafield>
  <datafield tag="102" ind1=" " ind2=" ">
    <subfield code="a">RU</subfield>
  </datafield>
  <datafield tag="105" ind1=" " ind2=" ">
    <subfield code="a">y   z   |||||</subfield>
  </datafield>
  <datafield tag="200" ind1="1" ind2=" ">
    <subfield code="a">&#x412;&#x43E;&#x43F;&#x440;&#x43E;&#x441;&#x44B; &#x441;&#x432;&#x430;&#x440;&#x43D;&#x43E;&#x433;&#x43E; &#x432;&#x430;&#x433;&#x43E;&#x43D;&#x43E;&#x441;&#x442;&#x440;&#x43E;&#x435;&#x43D;&#x438;&#x44F;</subfield>
    <subfield code="e">(&#x421;&#x431;. &#x441;&#x442;&#x430;&#x442;&#x435;&#x439;)</subfield>
  </datafield>
  <datafield tag="210" ind1=" " ind2=" ">
    <subfield code="d">1941</subfield>
  </datafield>
  <datafield tag="461" ind1=" " ind2="0">
    <subfield code="1">001rc\2935020</subfield>
    <subfield code="1">2001#$a&#x41D;&#x430;&#x443;&#x447;&#x43D;&#x44B;&#x435; &#x442;&#x440;&#x443;&#x434;&#x44B; &#x418;&#x43D;&#x441;&#x442;&#x438;&#x442;&#x443;&#x442;&#x430; &#x44D;&#x43B;&#x435;&#x43A;&#x442;&#x440;&#x43E;&#x441;&#x432;&#x430;&#x440;&#x43A;&#x438; &#x410;&#x41D; &#x423;&#x421;&#x421;&#x420;$e&#x412;&#x44B;&#x43F;. &#x2116; 60-$f&#x410;&#x43A;&#x430;&#x434;. &#x43D;&#x430;&#x443;&#x43A; &#x423;&#x421;&#x421;&#x420;. &#x418;&#x43D;-&#x442; &#x44D;&#x43B;&#x435;&#x43A;&#x442;&#x440;&#x43E;&#x441;&#x432;&#x430;&#x440;&#x43A;&#x438;$v&#x412;&#x44B;&#x43F;. 75</subfield>
    <subfield code="9">6507439</subfield>
    <subfield code="a">&#x418;&#x43D;&#x441;&#x442;&#x438;&#x442;&#x443;&#x442; &#x44D;&#x43B;&#x435;&#x43A;&#x442;&#x440;&#x43E;&#x441;&#x432;&#x430;&#x440;&#x43A;&#x438; &#x438;&#x43C;. &#x415;.&#x41E;. &#x41F;&#x430;&#x442;&#x43E;&#x43D;&#x430;</subfield>
    <subfield code="c">&#x41A;&#x438;&#x435;&#x432;</subfield>
    <subfield code="d">1939</subfield>
    <subfield code="f">&#x410;&#x43A;&#x430;&#x434;. &#x43D;&#x430;&#x443;&#x43A; &#x423;&#x421;&#x421;&#x420;. &#x418;&#x43D;-&#x442; &#x44D;&#x43B;&#x435;&#x43A;&#x442;&#x440;&#x43E;&#x441;&#x432;&#x430;&#x440;&#x43A;&#x438;</subfield>
    <subfield code="n">&#x418;&#x437;&#x434;-&#x432;&#x43E; &#x410;&#x43A;&#x430;&#x434;. &#x43D;&#x430;&#x443;&#x43A; &#x423;&#x421;&#x421;&#x420;</subfield>
    <subfield code="o">&#x412;&#x44B;&#x43F;. &#x2116; 60-</subfield>
    <subfield code="t">&#x41D;&#x430;&#x443;&#x447;&#x43D;&#x44B;&#x435; &#x442;&#x440;&#x443;&#x434;&#x44B; &#x418;&#x43D;&#x441;&#x442;&#x438;&#x442;&#x443;&#x442;&#x430; &#x44D;&#x43B;&#x435;&#x43A;&#x442;&#x440;&#x43E;&#x441;&#x432;&#x430;&#x440;&#x43A;&#x438; &#x410;&#x41D; &#x423;&#x421;&#x421;&#x420;</subfield>
    <subfield code="v">&#x412;&#x44B;&#x43F;. 75</subfield>
  </datafield>
  <datafield tag="801" ind1=" " ind2="0">
    <subfield code="a">RU</subfield>
    <subfield code="b">NLR</subfield>
    <subfield code="g">psbo</subfield>
  </datafield>
  <datafield tag="801" ind1=" " ind2="1">
    <subfield code="a">RU</subfield>
    <subfield code="b">ELAR</subfield>
    <subfield code="2">rusmarc</subfield>
  </datafield>
  <datafield tag="852" ind1=" " ind2=" ">
    <subfield code="a">NLR</subfield>
    <subfield code="j">&#x422;36 &#x413;-8/1</subfield>
  </datafield>
  <datafield tag="942" ind1=" " ind2=" ">
    <subfield code="c">UNSPEC</subfield>
  </datafield>
  <datafield tag="980" ind1=" " ind2=" ">
    <subfield code="a">NB</subfield>
  </datafield>
</record>
